[Event "Newcastle on Tyne op"]
[Site "Newcastle on Tyne"]
[Date "2018.02.18"]
[Round "9"]
[White "Tavoularis, Nicholas"]
[Black "Derakhshani, Borna"]
[Result "1/2-1/2"]
[WhiteElo "2168"]
[BlackElo "2317"]
[PlyCount "91"]
[EventDate "2018.02.14"]
[EventType "swiss"]
[EventRounds "9"]
[EventCountry "ENG"]
[SourceTitle "EXT 2019"]
[Source "ChessBase"]
[SourceDate "2018.10.10"]
[SourceVersion "1"]
[SourceVersionDate "2018.10.10"]
[SourceQuality "1"]

1. f4 d5 2. Nf3 e6 3. c3 Bd6 4. g3 Ne7 5. d3 Nd7 6. Bg2 e5 7. e4 dxe4 8. dxe4 exf4 9. gxf4 Ng6 10. e5 Be7 11. 0-0 Nc5 12. Qxd8+ Bxd8 13. Rd1 Bg4 14. Be3 Nd7 15. h3 Bxf3 16. Bxf3 c6 17. Na3 Bb6 18. Bxb6 Nxb6 19. Rd4 Ke7 20. Kf2 Rad8 21. Rad1 Rxd4 22. Rxd4 f6 23. exf6+ Kxf6 24. c4 c5 25. Rd2 Nxf4 26. Kg3 g5 27. Bxb7 Re8 28. Bf3 h5 29. Rd6+ Kf5 30. Rc6 Re5 31. Nb5 h4+ 32. Kh2 Nd3 33. Bg4+ Kf4 34. Rf6+ Ke3 35. Nxa7 Nxc4 36. Nc6 Re4 37. b4 cxb4 38. Rf3+ Kd2 39. Rxd3+ Kxd3 40. Bf5 Ke3 41. Bxe4 Kxe4 42. Nxb4 Kf3 43. a4 g4 44. hxg4 Kxg4 45. Nc6 h3 46. a5 1/2-1/2

[Event "Newcastle on Tyne op"]
[Site "Newcastle on Tyne"]
[Date "2018.02.17"]
[Round "6"]
[White "Haria, Ravi"]
[Black "Tavoularis, Nicholas"]
[Result "1-0"]
[WhiteElo "2376"]
[BlackElo "2168"]
[PlyCount "45"]
[EventDate "2018.02.14"]
[EventType "swiss"]
[EventRounds "9"]
[EventCountry "ENG"]
[SourceTitle "EXT 2019"]
[Source "ChessBase"]
[SourceDate "2018.10.10"]
[SourceVersion "1"]
[SourceVersionDate "2018.10.10"]
[SourceQuality "1"]

1. Nf3 Nf6 2. g3 g6 3. Bg2 Bg7 4. d4 0-0 5. c4 d6 6. Nc3 c5 7. 0-0 Nc6 8. dxc5 dxc5 9. Bf4 Qb6 10. Na4 Qa6 11. Nd2 Qa5 12. Nc3 Nh5 13. Nb3 Qa6 14. Be3 Qxc4 15. Rc1 Nd4 16. Bxd4 cxd4 17. Nd5 Qa4 18. Qd3 Kh8 19. Nc5 Qa5 20. Nxe7 Re8 21. Nxb7 Qxa2 22. Nd6 Ba6 23. Qxa6 1-0

[Event "Newcastle on Tyne op"]
[Site "Newcastle on Tyne"]
[Date "2018.02.17"]
[Round "7"]
[White "Tavoularis, Nicholas"]
[Black "Britton, Richard"]
[Result "0-1"]
[WhiteElo "2168"]
[BlackElo "2255"]
[PlyCount "100"]
[EventDate "2018.02.14"]
[EventType "swiss"]
[EventRounds "9"]
[EventCountry "ENG"]
[SourceTitle "EXT 2019"]
[Source "ChessBase"]
[SourceDate "2018.10.10"]
[SourceVersion "1"]
[SourceVersionDate "2018.10.10"]
[SourceQuality "1"]

1. e4 c5 2. Nf3 d6 3. c3 Nf6 4. h3 g6 5. Bd3 Bg7 6. 0-0 0-0 7. Bc2 Nc6 8. d4 b6 9. Re1 cxd4 10. cxd4 Nb4 11. Bb3 Ba6 12. e5 dxe5 13. dxe5 Qxd1 14. Rxd1 Ne4 15. Be3 Rad8 16. Nbd2 Nxd2 17. Bxd2 Nd3 18. Bc3 Nc5 19. Nd4 Bxe5 20. Nc6 Rxd1+ 21. Rxd1 Bxc3 22. Nxe7+ Kg7 23. bxc3 Bb7 24. Bd5 Rd8 25. Re1 Rxd5 26. Nxd5 Bxd5 27. f3 Kf6 28. Rd1 Bxa2 29. Ra1 Bc4 30. Rxa7 b5 31. Ra1 Nd3 32. g3 Ke5 33. Kg2 h5 34. h4 Kd5 35. Ra7 Kc5 36. g4 Nb2 37. Ra3 Nd1 38. Kg3 Bd5 39. gxh5 gxh5 40. Kf4 Kc4 41. Kg5 Bxf3 42. Ra7 Nxc3 43. Rxf7 Bd1 44. Rc7+ Kb3 45. Rd7 Bg4 46. Rd4 b4 47. Rxg4 hxg4 48. Kxg4 Nd5 49. Kf5 Kc4 50. h5 b3 0-1

[Event "Newcastle on Tyne op"]
[Site "Newcastle on Tyne"]
[Date "2018.02.16"]
[Round "4"]
[White "Nasuta, Grzegorz"]
[Black "Tavoularis, Nicholas"]
[Result "1-0"]
[WhiteElo "2454"]
[BlackElo "2168"]
[PlyCount "51"]
[EventDate "2018.02.14"]
[EventType "swiss"]
[EventRounds "9"]
[EventCountry "ENG"]
[SourceTitle "CBM 182 Extra"]
[Source "ChessBase"]
[SourceDate "2018.02.23"]
[SourceVersion "1"]
[SourceVersionDate "2018.02.23"]
[SourceQuality "1"]

1. e4 d5 2. exd5 Qxd5 3. Nc3 Qd6 4. d4 Nf6 5. Nf3 a6 6. g3 Bg4 7. h3 Bxf3 8. Qxf3 c6 9. Be3 Nbd7 10. 0-0-0 e6 11. g4 Be7 12. Bd3 Qb4 13. a3 Qa5 14. Bd2 Qb6 15. g5 Nd5 16. Ne2 c5 17. Be4 Nc7 18. dxc5 Nxc5 19. Be3 a5 20. Nc3 0-0 21. Qf4 Rac8 22. Rd7 Rfe8 23. Na4 Qb5 24. Nxc5 e5 25. Qf3 Ne6 26. Rxb7 1-0

[Event "Wetherby 4NCL op-A 6th"]
[Site "Wetherby"]
[Date "2016.01.10"]
[Round "5"]
[White "Tavoularis, Nicholas"]
[Black "Gardiner, Eric D"]
[Result "1-0"]
[WhiteElo "2191"]
[BlackElo "1942"]
[PlyCount "117"]
[EventDate "2016.01.08"]
[EventType "swiss"]
[EventRounds "5"]
[EventCountry "ENG"]
[SourceTitle "CBM 170 Extra"]
[Source "ChessBase"]
[SourceDate "2016.02.25"]
[SourceVersion "1"]
[SourceVersionDate "2016.02.25"]
[SourceQuality "1"]

1. e4 e6 2. d3 d5 3. Nd2 c5 4. Ngf3 Nc6 5. g3 g6 6. Bg2 Bg7 7. 0-0 Nge7 8. Re1 b6 9. exd5 exd5 10. Nf1 0-0 11. c3 Bb7 12. h4 Qd7 13. h5 d4 14. c4 Rae8 15. a3 Nc8 16. Rxe8 Rxe8 17. Bf4 Qf5 18. Ng5 Qd7 19. hxg6 hxg6 20. Bd5 Nd8 21. Bxb7 Nxb7 22. Qf3 Ncd6 23. Nd2 Be5 24. Nde4 Nxe4 25. Nxe4 Qf5 26. Kg2 Bxf4 27. gxf4 Kg7 28. Ng3 Qd7 29. f5 Rh8 30. Re1 Nd8 31. Qf4 Qc6+ 32. Re4 Qf6 33. b4 Nc6 34. bxc5 bxc5 35. Qc7 gxf5 36. Rf4 Ne7 37. Qxc5 Qc6+ 38. Qxc6 Nxc6 39. Nxf5+ Kg6 40. Nxd4 Ne5 41. Nf3 Nxd3 42. Rd4 Nc5 43. Rd5 Rc8 44. Ne5+ Kg7 45. Kf3 Rc7 46. Ke3 f6 47. Nd3 Ne6 48. c5 Kf7 49. Kd2 Ke7 50. Rh5 Kd7 51. Kc3 Kc6 52. Kc4 a5 53. Rh6 Rf7 54. f4 Kc7 55. a4 Nd8 56. Nc1 Nc6 57. Nb3 Re7 58. Rxf6 Re4+ 59. Kd5 1-0

[Event "BCF-chT2b 1516 (4NCL)"]
[Site "England"]
[Date "2015.11.14"]
[Round "1.17"]
[White "Tavoularis, Nicholas"]
[Black "Russell, Christopher"]
[Result "1-0"]
[WhiteElo "2230"]
[BlackElo "2094"]
[PlyCount "71"]
[EventDate "2015.11.14"]
[EventType "team-tourn"]
[EventRounds "7"]
[EventCountry "ENG"]
[SourceTitle "CBM 169 Extra"]
[Source "ChessBase"]
[SourceDate "2015.12.18"]
[SourceVersion "1"]
[SourceVersionDate "2015.12.18"]
[SourceQuality "1"]
[WhiteTeam "North East England"]
[BlackTeam "Downend & Fishponds"]
[WhiteTeamCountry "ENG"]
[BlackTeamCountry "ENG"]

1. f4 d5 2. Nf3 g6 3. g3 Bg7 4. Bg2 c5 5. d3 Nh6 6. c3 0-0 7. 0-0 Nc6 8. e4 dxe4 9. dxe4 e5 10. Na3 Qe7 11. fxe5 Ng4 12. Bg5 Qc7 13. Qd6 Bxe5 14. Qxc5 Bd6 15. Qb5 h6 16. Bd2 Be6 17. Nd4 a6 18. Qe2 Bc5 19. Nac2 Qb6 20. Kh1 Nxd4 21. Nxd4 Bxd4 22. cxd4 Qxd4 23. Bc3 Qc5 24. h3 Qh5 25. Rf4 Nf6 26. Qf1 Nd7 27. g4 Qg5 28. Qf2 Qc5 29. Qg3 Rad8 30. a3 Rfe8 31. Rf2 Bc4 32. b4 Qe7 33. Rd1 Rc8 34. e5 Rc7 35. e6 Nf8 36. Rxf7 1-0

[Event "Budapest FS02 IM"]
[Site "Budapest"]
[Date "2014.02.09"]
[Round "8"]
[White "Lyell, Mark"]
[Black "Tavoularis, Nicholas"]
[Result "1-0"]
[WhiteElo "2186"]
[BlackElo "2167"]
[PlyCount "127"]
[EventDate "2014.02.01"]
[EventType "tourn"]
[EventRounds "9"]
[EventCountry "HUN"]
[EventCategory "1"]
[SourceTitle "CBM 158 Extra"]
[Source "ChessBase"]
[SourceDate "2014.02.28"]
[SourceVersion "1"]
[SourceVersionDate "2014.02.28"]
[SourceQuality "1"]

1. e4 c5 2. c3 g6 3. Nf3 Nc6 4. d4 Bg7 5. d5 Nb8 6. Be3 d6 7. h3 Nf6 8. Nbd2 0-0 9. a4 b6 10. a5 bxa5 11. Qa4 Ba6 12. Bxa6 Nxa6 13. Qxa5 Qxa5 14. Rxa5 Nc7 15. Kd1 Nd7 16. Bg5 Rfe8 17. Kc2 Kf8 18. Rha1 a6 19. Nc4 Reb8 20. Nfd2 Rb7 21. f4 Rab8 22. R5a2 f6 23. Bh4 f5 24. Na5 Rb6 25. Ndc4 fxe4 26. Nxb6 Rxb6 27. Nc4 Rb7 28. Rd1 Bf6 29. Bf2 Kf7 30. Ra4 g5 31. fxg5 Bxg5 32. Be3 h6 33. Bxg5 hxg5 34. Ne3 Nf6 35. c4 e6 36. dxe6+ Kxe6 37. Rf1 Rb8 38. Raa1 Rg8 39. Rad1 Rg6 40. Ng4 Nxg4 41. hxg4 d5 42. Rf5 Kd6 43. cxd5 Nb5 44. Ra1 Nd4+ 45. Kc3 Kd7 46. Re5 Rb6 47. Rxe4 Rb3+ 48. Kc4 Rxb2 49. Rxa6 Rc2+ 50. Kd3 Rxg2 51. Rg6 Rg1 52. Rxg5 Kd6 53. Rf4 Rd1+ 54. Ke3 Re1+ 55. Kd2 Re5 56. Rxe5 Kxe5 57. Rf1 Kxd5 58. g5 Ne6 59. g6 Kd6 60. Rf7 Ng5 61. Ra7 Ne4+ 62. Kc2 Nf6 63. g7 Ke6 64. Ra6+ 1-0

[Event "Budapest FS02 IM"]
[Site "Budapest"]
[Date "2014.02.08"]
[Round "7"]
[White "Szalanczy, Emil"]
[Black "Tavoularis, Nicholas"]
[Result "1-0"]
[WhiteElo "2216"]
[BlackElo "2167"]
[PlyCount "105"]
[EventDate "2014.02.01"]
[EventType "tourn"]
[EventRounds "9"]
[EventCountry "HUN"]
[EventCategory "1"]
[SourceTitle "CBM 158 Extra"]
[Source "ChessBase"]
[SourceDate "2014.02.28"]
[SourceVersion "1"]
[SourceVersionDate "2014.02.28"]
[SourceQuality "1"]

1. e4 Nf6 2. e5 Nd5 3. d4 d6 4. Nf3 dxe5 5. Nxe5 g6 6. Bc4 c6 7. 0-0 Bg7 8. Nd2 Nd7 9. Nef3 0-0 10. Bb3 a5 11. c3 N7b6 12. a4 Bf5 13. Re1 Qc7 14. Ne4 Rad8 15. Bg5 h6 16. Bh4 Nf4 17. Nc5 Rfe8 18. Ne5 Nbd5 19. Qf3 Bxe5 20. Rxe5 b6 21. Ne4 f6 22. Nxf6+ exf6 23. Bxf6 Qf7 24. Bxd8 Rxd8 25. c4 Nd3 26. cxd5 Nxe5 27. dxe5 cxd5 28. Rd1 Be6 29. Qxf7+ Bxf7 30. f4 Rc8 31. Kf2 Rc5 32. g4 Be6 33. Kg3 Kf7 34. h3 Ke7 35. h4 b5 36. h5 gxh5 37. f5 bxa4 38. Ba2 hxg4 39. Kxg4 Bf7 40. Rd4 Rb5 41. Rxa4 Be8 42. Rd4 Bf7 43. Kf4 Rxb2 44. f6+ Ke8 45. Bxd5 Rb4 46. Rxb4 axb4 47. e6 Bg6 48. Ke5 h5 49. Kd6 Bf7 50. Ke5 h4 51. Kf4 Bg6 52. Kg4 Bc2 53. Bc6+ 1-0

[Event "Budapest FS02 IM"]
[Site "Budapest"]
[Date "2014.02.05"]
[Round "5"]
[White "Szeberenyi, Adam"]
[Black "Tavoularis, Nicholas"]
[Result "0-1"]
[WhiteElo "2312"]
[BlackElo "2167"]
[PlyCount "88"]
[EventDate "2014.02.01"]
[EventType "tourn"]
[EventRounds "9"]
[EventCountry "HUN"]
[EventCategory "1"]
[SourceTitle "CBM 158 Extra"]
[Source "ChessBase"]
[SourceDate "2014.02.28"]
[SourceVersion "1"]
[SourceVersionDate "2014.02.28"]
[SourceQuality "1"]

1. d4 d5 2. c4 c6 3. Nc3 Nf6 4. e3 e6 5. Nf3 Nbd7 6. Qc2 b6 7. b3 Bb7 8. Bb2 Be7 9. Bd3 0-0 10. 0-0 Rc8 11. Qe2 c5 12. Rad1 Qc7 13. Ne5 dxc4 14. Bxc4 Rcd8 15. f4 Ne4 16. Nb5 Qb8 17. dxc5 Ndxc5 18. b4 Rxd1 19. Rxd1 a6 20. bxc5 axb5 21. Nd7 Qc8 22. Bxb5 Rd8 23. cxb6 Nc3 24. Bxc3 Qxc3 25. a4 Qa3 26. Qd3 Qb2 27. Qd2 Qb3 28. Rc1 Bb4 29. Nf6+ gxf6 30. Qxd8+ Kg7 31. Qd3 Qb2 32. Qc2 Qa3 33. Kf2 Bd5 34. b7 Bxb7 35. Rb1 Ba5 36. Rb3 Qd6 37. Qd3 Qc5 38. Qc4 Qh5 39. Bc6 Bxc6 40. Qxc6 Qd1 41. Qb5 Be1+ 42. Kg1 Bg3+ 43. Qf1 Bxh2+ 44. Kf2 Bg3+ 0-1

[Event "Budapest FS02 IM"]
[Site "Budapest"]
[Date "2014.02.01"]
[Round "1"]
[White "Nguyen, Thi Mai Hung"]
[Black "Tavoularis, Nicholas"]
[Result "1/2-1/2"]
[WhiteElo "2276"]
[BlackElo "2167"]
[PlyCount "112"]
[EventDate "2014.02.01"]
[EventType "tourn"]
[EventRounds "9"]
[EventCountry "HUN"]
[EventCategory "1"]
[SourceTitle "CBM 158 Extra"]
[Source "ChessBase"]
[SourceDate "2014.02.28"]
[SourceVersion "1"]
[SourceVersionDate "2014.02.28"]
[SourceQuality "1"]

1. d4 d5 2. Nf3 Nf6 3. e3 g6 4. Bd3 Bg7 5. 0-0 0-0 6. b3 b6 7. Bb2 Bb7 8. c4 e6 9. Nc3 Nbd7 10. Qe2 c5 11. Rfd1 Qb8 12. cxd5 cxd4 13. Nxd4 Nxd5 14. Nxd5 Bxd5 15. Rac1 Rc8 16. Bb5 Rxc1 17. Rxc1 Nc5 18. b4 a6 19. Bc6 Bxd4 20. Bxa8 Bxb2 21. Qxb2 Nd3 22. Qc2 Nxc1 23. Bxd5 exd5 24. Qxc1 Qe5 25. h3 Qe4 26. Qc8+ Kg7 27. Qc3+ Kg8 28. a3 Qc4 29. Qf6 Qc1+ 30. Kh2 Qxa3 31. Qxb6 Qd3 32. Kg3 h5 33. Qb8+ Kg7 34. Qe5+ Kg8 35. Qf4 Qb5 36. Qd4 a5 37. bxa5 Qxa5 38. Kf4 Qd8 39. Kf3 Qa8 40. g4 hxg4+ 41. hxg4 Qc6 42. g5 Qe6 43. Qf6 Qh3+ 44. Kf4 Qh2+ 45. Kf3 Qh3+ 46. Ke2 Qg4+ 47. Kd2 Qc4 48. f4 Qa2+ 49. Kd3 Qc4+ 50. Kd2 Qa2+ 51. Ke1 Qb1+ 52. Kf2 Qc2+ 53. Kg3 Qd2 54. Qe5 Qe1+ 55. Kf3 Qf1+ 56. Kg3 Qg1+ 1/2-1/2

[Event "BCF-chT2b 1112 (4NCL)"]
[Site "England"]
[Date "2012.02.12"]
[Round "6.3"]
[White "Tavoularis, Nicholas"]
[Black "Pitcher, John"]
[Result "0-1"]
[WhiteElo "2167"]
[BlackElo "2205"]
[PlyCount "114"]
[EventDate "2011.11.12"]
[EventType "team-match"]
[EventRounds "7"]
[EventCountry "ENG"]
[SourceTitle "EXT 2013"]
[Source "ChessBase"]
[SourceDate "2012.11.22"]
[SourceVersion "1"]
[SourceVersionDate "2012.11.22"]
[SourceQuality "1"]
[WhiteTeam "Sambuca Sharks"]
[BlackTeam "Warwicks Select"]
[WhiteTeamCountry "ENG"]
[BlackTeamCountry "ENG"]

1. f4 c5 2. Nf3 g6 3. e4 Bg7 4. Be2 Nc6 5. c3 Nf6 6. e5 Nd5 7. d4 cxd4 8. cxd4 0-0 9. Nc3 Nxc3 10. bxc3 d5 11. exd6 exd6 12. 0-0 Bf5 13. Bd3 Qa5 14. Qe2 Bxd3 15. Qxd3 Rac8 16. Bd2 Rc7 17. f5 Qxf5 18. Qxf5 gxf5 19. Rae1 Bf6 20. Ng5 Ne7 21. g4 Bxg5 22. Bxg5 f6 23. Bh6 Rd8 24. gxf5 Kf7 25. Rf3 Rg8+ 26. Kf2 b5 27. Re4 b4 28. cxb4 Rc2+ 29. Re2 Rg2+ 30. Kxg2 Rxe2+ 31. Rf2 Re4 32. a3 a6 33. Rf4 Re2+ 34. Kg3 Re3+ 35. Rf3 Rxf3+ 36. Kxf3 Nxf5 37. Be3 Ke6 38. Ke4 Ne7 39. a4 f5+ 40. Kd3 Kd5 41. b5 axb5 42. axb5 Nc8 43. Bd2 Nb6 44. Ba5 Nc4 45. Bc7 f4 46. b6 Na5 47. h4 Nb7 48. h5 h6 49. Bb8 Na5 50. Ke2 Nc6 51. Ba7 Nxd4+ 52. Kf2 Nc6 53. Kf3 Ke5 54. Kg4 Nd8 55. Bb8 Nb7 56. Bc7 Ke4 57. Kh3 Ke3 0-1

[Event "London Classic op"]
[Site "London"]
[Date "2011.12.05"]
[Round "3"]
[White "Arkell, Keith C"]
[Black "Tavoularis, Nicholas"]
[Result "1/2-1/2"]
[WhiteElo "2418"]
[BlackElo "2143"]
[PlyCount "34"]
[EventDate "2011.12.03"]
[EventType "swiss"]
[EventRounds "9"]
[EventCountry "ENG"]
[SourceTitle "CBM 145 Extra"]
[Source "ChessBase"]
[SourceDate "2012.01.03"]
[SourceVersion "1"]
[SourceVersionDate "2012.01.03"]
[SourceQuality "1"]

1. c4 f5 2. b3 d6 3. d4 g6 4. Bb2 Bg7 5. Nf3 Nc6 6. Nc3 e5 7. dxe5 Nxe5 8. e3 Nh6 9. Be2 Nhf7 10. 0-0 0-0 11. Qc2 Nxf3+ 12. Bxf3 Ne5 13. Bd5+ Kh8 14. g3 g5 15. f4 Ng4 16. Rae1 gxf4 17. exf4 c6 1/2-1/2

[Event "London Classic op"]
[Site "London"]
[Date "2011.12.04"]
[Round "2"]
[White "Tavoularis, Nicholas"]
[Black "Mikkelsen, Nikolaj"]
[Result "1/2-1/2"]
[WhiteElo "2143"]
[BlackElo "2381"]
[PlyCount "94"]
[EventDate "2011.12.03"]
[EventType "swiss"]
[EventRounds "9"]
[EventCountry "ENG"]
[SourceTitle "CBM 145 Extra"]
[Source "ChessBase"]
[SourceDate "2012.01.03"]
[SourceVersion "1"]
[SourceVersionDate "2012.01.03"]
[SourceQuality "1"]

1. e4 c5 2. Nc3 Nc6 3. f4 e6 4. Nf3 d5 5. e5 Nh6 6. g3 Be7 7. Bg2 0-0 8. 0-0 f6 9. d3 Nf5 10. Ne2 fxe5 11. fxe5 Nfd4 12. Nexd4 Nxd4 13. c3 Nxf3+ 14. Rxf3 Bd7 15. Rxf8+ Qxf8 16. Qg4 Qe8 17. c4 dxc4 18. dxc4 Rb8 19. Bd2 h5 20. Qe2 Bc6 21. Bxc6 Qxc6 22. Qxh5 Qe4 23. Bc3 Rf8 24. Rf1 Rxf1+ 25. Kxf1 Qxc4+ 26. Kf2 Qxa2 27. Qe8+ Bf8 28. g4 Qc4 29. Kg3 b5 30. g5 Qd3+ 31. Kg2 Qe4+ 32. Kg3 Qe3+ 33. Kg4 Qg1+ 34. Kf3 Qf1+ 35. Kg3 b4 36. Qxe6+ Qf7 37. Qxf7+ Kxf7 38. Bd2 Ke6 39. Kf4 g6 40. Ke4 Bg7 41. Be3 c4 42. Bxa7 Bxe5 43. Bc5 b3 44. Bd4 Bxh2 45. Bc3 Bg1 46. Bd4 Bh2 47. Bc3 Bg1 1/2-1/2

[Event "London Classic op"]
[Site "London"]
[Date "2011.12.03"]
[Round "1"]
[White "Kouchak, Jason"]
[Black "Tavoularis, Nicholas"]
[Result "0-1"]
[WhiteElo "1776"]
[BlackElo "2143"]
[PlyCount "50"]
[EventDate "2011.12.03"]
[EventType "swiss"]
[EventRounds "9"]
[EventCountry "ENG"]
[SourceTitle "CBM 145 Extra"]
[Source "ChessBase"]
[SourceDate "2012.01.03"]
[SourceVersion "1"]
[SourceVersionDate "2012.01.03"]
[SourceQuality "1"]

1. d4 f5 2. Nf3 Nf6 3. Bf4 d6 4. Nbd2 g6 5. c3 Bg7 6. e3 0-0 7. h4 Qe8 8. Bd3 Nc6 9. Qc2 Kh8 10. Bg5 Nh5 11. d5 Ne5 12. Nxe5 dxe5 13. 0-0-0 e6 14. dxe6 Bxe6 15. Bc4 Bxc4 16. Nxc4 Qe6 17. Qe2 h6 18. Rh3 hxg5 19. hxg5 Kg8 20. Rdh1 Rfd8 21. f3 f4 22. exf4 Nxf4 23. Qe4 Nxh3 24. Rxh3 Qd5 25. Qe2 Qd3 0-1

[Event "BCF-chT2b 1112 (4NCL)"]
[Site "England"]
[Date "2011.11.13"]
[Round "2.3"]
[White "Tavoularis, Nicholas"]
[Black "Zeidler, Sven P"]
[Result "0-1"]
[WhiteElo "2167"]
[BlackElo "2274"]
[PlyCount "79"]
[EventDate "2011.11.12"]
[EventType "team-match"]
[EventRounds "7"]
[EventCountry "ENG"]
[SourceTitle "EXT 2013"]
[Source "ChessBase"]
[SourceDate "2012.11.22"]
[SourceVersion "1"]
[SourceVersionDate "2012.11.22"]
[SourceQuality "1"]
[WhiteTeam "Sambuca Sharks"]
[BlackTeam "South Wales Dragons"]
[WhiteTeamCountry "ENG"]
[BlackTeamCountry "ENG"]

1. d4 f5 2. Nf3 Nf6 3. Bg5 Ne4 4. Bf4 c5 5. e3 cxd4 6. exd4 Qb6 7. Qc1 d6 8. Bd3 e5 9. Be3 Qa5+ 10. c3 Nf6 11. b4 Qd5 12. Na3 f4 13. Bxf4 exf4 14. 0-0 Bg4 15. Qxf4 Nc6 16. Ng5 Ne7 17. c4 Qc6 18. c5 Ned5 19. Rfe1+ Be7 20. Qg3 0-0 21. Nxh7 Nxh7 22. Qxg4 dxc5 23. bxc5 Rf4 24. Qd1 Nhf6 25. Nc4 Ng4 26. f3 Bf6 27. Be4 Qd7 28. fxg4 Nc3 29. Qd3 Qxd4+ 30. Kh1 Rxe4 31. Qxd4 Bxd4 32. Nd6 Rxe1+ 33. Rxe1 Bxc5 34. Nxb7 Bb6 35. Nd6 Rd8 36. Nf5 Rd1 37. Rxd1 Nxd1 38. Nd6 Nc3 39. a3 Nb1 40. Nc4 0-1

[Event "GBR-ch Major 98th"]
[Site "Sheffield"]
[Date "2011.07.27"]
[Round "3"]
[White "Iyengar, Ilya"]
[Black "Tavoularis, Nicholas"]
[Result "0-1"]
[WhiteElo "1984"]
[BlackElo "2125"]
[PlyCount "50"]
[EventDate "2011.07.25"]
[EventType "swiss"]
[EventRounds "11"]
[EventCountry "ENG"]
[SourceTitle "EXT 2012"]
[Source "ChessBase"]
[SourceDate "2011.11.24"]
[SourceVersion "1"]
[SourceVersionDate "2011.11.24"]
[SourceQuality "1"]

1. d4 f5 2. g3 Nf6 3. Bg2 g6 4. c4 Bg7 5. Nh3 d6 6. 0-0 0-0 7. d5 Na6 8. Nc3 e5 9. dxe6 Nc5 10. Nf4 c6 11. Rb1 Nxe6 12. b4 Ng4 13. Na4 Ne5 14. Nb2 Nxf4 15. Bxf4 g5 16. Bd2 f4 17. Qb3 Be6 18. a4 Qe8 19. b5 Qh5 20. f3 Rae8 21. e3 fxg3 22. hxg3 Nxf3+ 23. Bxf3 Rxf3 24. Rxf3 Qxf3 25. Be1 Bh3 0-1

[Event "GBR-ch Major 98th"]
[Site "Sheffield"]
[Date "2011.07.25"]
[Round "1"]
[White "Cowan, Richard M"]
[Black "Tavoularis, Nicholas"]
[Result "0-1"]
[WhiteElo "1898"]
[BlackElo "2125"]
[PlyCount "92"]
[EventDate "2011.07.25"]
[EventType "swiss"]
[EventRounds "11"]
[EventCountry "ENG"]
[SourceTitle "EXT 2012"]
[Source "ChessBase"]
[SourceDate "2011.11.24"]
[SourceVersion "1"]
[SourceVersionDate "2011.11.24"]
[SourceQuality "1"]

1. Nf3 d6 2. c4 f5 3. d3 Nf6 4. Nc3 g6 5. g3 Bg7 6. Bg2 0-0 7. Qc2 Nc6 8. a3 a5 9. Bg5 h6 10. Bxf6 Rxf6 11. Nd5 Rf8 12. 0-0-0 e6 13. Nf4 Qf6 14. h4 Bd7 15. e4 Ne7 16. d4 fxe4 17. Qxe4 Bc6 18. Qc2 e5 19. Nd5 Nxd5 20. cxd5 Bd7 21. dxe5 dxe5 22. Rd2 b5 23. Re1 Qd6 24. Re3 Rab8 25. Ne1 b4 26. Be4 Rb5 27. Qd3 Rc5+ 28. Kb1 Rb8 29. Bxg6 bxa3 30. Bh7+ Kh8 31. Qg6 Rxd5 32. Red3 Rxd3 33. Qxd3 Rxb2+ 34. Rxb2 axb2 35. Nc2 Bc6 36. Be4 Qxd3 37. Bxd3 e4 38. Bc4 Kh7 39. Ne3 Kg6 40. Be2 Bd4 41. Nc4 a4 42. g4 Kf6 43. Nxb2 Bxf2 44. Bd3 e3 45. Nc4 Be4 46. Kc2 Bxd3+ 0-1

[Event "Budapest FS06 IM-A"]
[Site "Budapest"]
[Date "2010.06.14"]
[Round "10"]
[White "Tavoularis, Nicholas"]
[Black "Szeberenyi, Adam"]
[Result "1-0"]
[WhiteElo "2130"]
[BlackElo "2308"]
[PlyCount "87"]
[EventDate "2010.06.05"]
[EventType "tourn"]
[EventRounds "11"]
[EventCountry "HUN"]
[EventCategory "1"]
[SourceTitle "CBM 136 Extra"]
[Source "ChessBase"]
[SourceDate "2010.07.02"]
[SourceVersion "2"]
[SourceVersionDate "2010.07.15"]
[SourceQuality "1"]

1. e4 c5 2. Nc3 Nc6 3. f4 g6 4. Nf3 Bg7 5. Bb5 Nd4 6. 0-0 Nxb5 7. Nxb5 a6 8. Nc3 d6 9. d3 Nf6 10. a4 0-0 11. Qe1 Rb8 12. a5 Bg4 13. Qh4 Bxf3 14. Rxf3 e6 15. f5 Nh5 16. Bg5 Bf6 17. Bxf6 Qxf6 18. Qh3 exf5 19. Kh1 Qg5 20. exf5 Nf4 21. Qg3 Qxg3 22. hxg3 Nh5 23. f6 g5 24. g4 Nf4 25. g3 Ne6 26. Nd5 Rfe8 27. c3 h6 28. Kg2 Nf8 29. Ne7+ Kh7 30. Rh1 Ng6 31. Nf5 Re6 32. Nxh6 Nh4+ 33. gxh4 Kxh6 34. hxg5+ Kxg5 35. Rh7 Rxf6 36. Rg7+ Rg6 37. Rgxf7 b6 38. Kg3 Re6 39. Rg7+ Kh6 40. Rff7 Re2 41. g5+ Kh5 42. axb6 Rxb6 43. Rf6 Re3+ 44. Kf4 1-0

[Event "Budapest FS06 IM-A"]
[Site "Budapest"]
[Date "2010.06.13"]
[Round "9"]
[White "Kahn, Evarth"]
[Black "Tavoularis, Nicholas"]
[Result "1/2-1/2"]
[WhiteElo "2247"]
[BlackElo "2130"]
[PlyCount "81"]
[EventDate "2010.06.05"]
[EventType "tourn"]
[EventRounds "11"]
[EventCountry "HUN"]
[EventCategory "1"]
[SourceTitle "CBM 136 Extra"]
[Source "ChessBase"]
[SourceDate "2010.07.02"]
[SourceVersion "2"]
[SourceVersionDate "2010.07.15"]
[SourceQuality "1"]

1. e4 d5 2. exd5 Nf6 3. Nc3 Nxd5 4. Bc4 Nb6 5. Bb3 c5 6. d3 Nc6 7. Be3 e6 8. Ne4 Nd4 9. Nf3 Nxb3 10. axb3 Qc7 11. Qd2 Nd5 12. 0-0 Be7 13. Bg5 f6 14. Bh4 0-0 15. Bg3 Qd8 16. Nc3 e5 17. Nxd5 Qxd5 18. Qc3 b5 19. Qa5 Qc6 20. Nd2 Bb7 21. f3 Bd8 22. Qc3 Bb6 23. Bf2 Rac8 24. Rae1 Qc7 25. Ra1 Rfd8 26. Kh1 Bd5 27. Ne4 c4 28. Bxb6 axb6 29. Qb4 cxd3 30. cxd3 Bxe4 31. dxe4 Qc5 32. Qxc5 Rxc5 33. Ra6 Rc2 34. Rxb6 Rxb2 35. h4 Rdd2 36. Rg1 Rxb3 37. Rb8+ Kf7 38. Rb7+ Kg6 39. Rc1 Rd8 40. Rcc7 Rg8 41. Kh2 1/2-1/2

[Event "Budapest FS06 IM-A"]
[Site "Budapest"]
[Date "2010.06.11"]
[Round "7"]
[White "Njili, Kamel"]
[Black "Tavoularis, Nicholas"]
[Result "1-0"]
[WhiteElo "2247"]
[BlackElo "2130"]
[PlyCount "95"]
[EventDate "2010.06.05"]
[EventType "tourn"]
[EventRounds "11"]
[EventCountry "HUN"]
[EventCategory "1"]
[SourceTitle "CBM 136 Extra"]
[Source "ChessBase"]
[SourceDate "2010.07.02"]
[SourceVersion "2"]
[SourceVersionDate "2010.07.15"]
[SourceQuality "1"]

1. e4 c5 2. Nf3 d6 3. d4 cxd4 4. Nxd4 Nf6 5. Nc3 g6 6. Be3 Bg7 7. f3 0-0 8. Bc4 Nc6 9. Qd2 Bd7 10. h4 Qa5 11. Nb3 Qb4 12. Be2 Na5 13. Bh6 Rfc8 14. Bxg7 Kxg7 15. h5 Nxh5 16. Rxh5 gxh5 17. Qg5+ Kf8 18. Qxa5 Qxa5 19. Nxa5 b5 20. Kd2 Rc5 21. Nd5 e6 22. b4 Rcc8 23. Nf6 Ke7 24. Nxd7 Kxd7 25. Rh1 Rg8 26. Bxb5+ Ke7 27. Bf1 Rg5 28. a3 f5 29. f4 Rg4 30. exf5 Rxf4 31. Bd3 h4 32. fxe6 Kxe6 33. Ke3 Rg4 34. Be4 Rc8 35. c4 Kf6 36. Bf3 Re8+ 37. Kd3 Rf4 38. Nc6 a6 39. Nd4 Kg5 40. Bc6 Re7 41. Nf3+ Kg4 42. Rxh4+ Kg3 43. Rxf4 Kxf4 44. a4 Re3+ 45. Kd2 Ra3 46. Ne1 Ke5 47. Nc2 Rb3 48. a5 1-0